000 00862cam a2200229 4500
001 WB3731-50
008 010816n2001 000 0 eng u
035 _a(Sirsi) u114166
245 _aOrganic farming scheme
260 _c2001
490 _aDEFRA News Release
_v(98/01) 13 August 2001, (2)
520 _aGovernment announces changes to the Organic Farming Scheme (OFS) to enable farmers held up by foot and mouth movement restrictions to get into the system more quickly. The OFS supports farmers who convert to organic farming and environmentally beneficial ways of managing their land.
590 _aWB
650 _aORGANIC FARMING SCHEME
650 _aFOOT-AND-MOUTH DISEASE
650 _aFARMERS
650 _aFUNDING
650 _aENGLAND RURAL DEVELOPMENT PROGRAMME
650 _aORGANIC FARMING
690 _aRural
_96268
942 _n0
999 _c68015
_d68015